| 000 | 00627nam a2200193Ia 4500 | ||
|---|---|---|---|
| 003 | GCL | ||
| 008 | 140319s9999 xx 000 0 ara d | ||
| 040 |
_aGCL / _cGCL |
||
| 082 | 0 | 4 |
_aد _b301.31 _bم م |
| 100 | 1 | _aسيد رمضان هدارة (مترجم) | |
| 245 | 1 | 0 |
_aطاقة الرياح : نقطة تحول / _cسيد رمضان هدارة (مترجم) |
| 700 | 1 | _aفلافين، كريستوفر | |
| 300 | _a87 ص | ||
| 490 |
_aسلسلة دراسات فى الصحافة المصرية _v0 |
||
| 650 | 0 | 4 | _aالطاقة |
| 650 | 0 | 4 | _aالرياح - طاقة |
| 650 | 0 | 4 | _aالبيئة - علم |
| 942 |
_2ddc _cCF |
||
| 999 |
_c27127 _d27127 |
||